书目信息 |
| 题名: |
神圣罗马帝国文化史
|
|
| 作者: | 哈特曼 著 ;刘新利 , 陈晓春 , 赵杰 译 | |
| 分册: | ||
| 出版信息: | 北京 东方出版社 2005 |
|
| 页数: | 663页 | |
| 开本: | 21cm | |
| 丛书名: | ||
| 单 册: | ||
| 中图分类: | K516.3 | |
| 科图分类: | ||
| 主题词: | 文化史--神圣罗马帝国(800-1806)--1648-1806 | |
| 电子资源: | ||
| ISBN: | 7-5060-2260-5 | |
| 000 | 01442nam0 2200277 450 | |
| 001 | 1548810806 | |
| 005 | 20150205154529.53 | |
| 010 | @a7-5060-2260-5@dCNY52.00 | |
| 100 | @a20071030d2005 em y0chiy50 ea | |
| 101 | 1 | @achi@cger |
| 102 | @aCN@b110000 | |
| 105 | @aab z 001yy | |
| 200 | 1 | @a神圣罗马帝国文化史@9shen sheng luo ma di guo wen hua shi@dKulturgeschichte des Heiligen Romischen Reiches 1648 bis 1860@e1648-1806年@e帝国法、宗教和文化@eVerfassung, Religion und Kultur@f(德)彼得·克劳斯·哈特曼(Peter Claus Hartmann)著@g刘新利,陈晓春,赵杰译@zger |
| 210 | @a北京@c东方出版社@d2005 | |
| 215 | @a663页@c地图,图(16页)@d21cm | |
| 305 | @a由奥地利毕劳出版社授权出版,据2001年版译出。 | |
| 330 | @a本书以中欧地区的独立邦国和独立教派为基线,叙述1648年至1806年的神圣罗马帝国文化史。内容包括神圣罗马帝国的帝国法,1648~1806年间文化发展宗教基础,教会的建筑、艺术和音乐,小教派,宫廷文化,教育、图书馆与文学,大众文化、民众信仰、风俗与习惯、启蒙运动时代的发展等。 | |
| 510 | 1 | @aKulturgeschichte des Heiligen Romischen Reiches 1648 bis 1860@eVerfassung, Religion und Kultur@zger |
| 606 | 0 | @a文化史@x神圣罗马帝国(800-1806)@z1648-1806 |
| 690 | @aK516.3@v5 | |
| 701 | 0 | @c(德)@a哈特曼@9ha te man@c(Hartmann, Peter C.@f1940~)@4著 |
| 702 | 0 | @a刘新利@9liu xin li@f(1956~)@4译 |
| 702 | 0 | @a陈晓春@9chen xiao chun@f(1950~)@4译 |
| 702 | 0 | @a赵杰@9zhao jie@f(1953~)@4译 |
| 801 | 0 | @aCN@bTSSF@c20150205 |
| 905 | @aZUCC@dK516.3@eJY1 | |
| 神圣罗马帝国文化史=Kulturgeschichte des Heiligen Romischen Reiches 1648 bis 1860:1648-1806年:帝国法、宗教和文化:Verfassung, Religion und Kultur/(德)彼得·克劳斯·哈特曼(Peter Claus Hartmann)著/刘新利,陈晓春,赵杰译.-北京:东方出版社,2005 |
| 663页:地图,图(16页);21cm |
| ISBN 7-5060-2260-5:CNY52.00 |
| 本书以中欧地区的独立邦国和独立教派为基线,叙述1648年至1806年的神圣罗马帝国文化史。内容包括神圣罗马帝国的帝国法,1648~1806年间文化发展宗教基础,教会的建筑、艺术和音乐,小教派,宫廷文化,教育、图书馆与文学,大众文化、民众信仰、风俗与习惯、启蒙运动时代的发展等。 |
| ● |
| 相关链接 |
|
|
|
|
正题名:神圣罗马帝国文化史
索取号:K516.3/JY1
 
预约/预借
| 序号 | 登录号 | 条形码 | 馆藏地/架位号 | 状态 | 备注 |
| 1 | 7849093 | 278490937 | 学院路分馆/ [索取号:K516.3/JY1] | 在馆 |